Szczegóły MARC21

Learning social media marketing : a video introduction /[Dokument elektroniczny]

005 -DATA I CZAS OSTATNIEJ MODYFIKACJI [,]
    • @
    • pole kontrolne
    • 20140522120035.0
008 -ELEMENTY DANYCH STAŁEJ DŁUGOŚCI [,]
    • @
    • pole kontrolne
    • 140304t ||||fs|| |
942 -Rodzaj dokumentu [ , ]
    • c
    • Rodzaj dokumentu
    • Dokument elektroniczny
020 -Międzynarodowy znormalizowany numer Książki - ISBN [ , ]
    • a
    • Numer ISBN
    • 9781118466063 Find
040 -Instytucja sporządzająca opis [ , ]
    • a
    • Instytucja, która sporządziła opis (NP)
    • SZCZ U/SA
    • c
    • Instytucja, która sporządziła rekord (NP)
    • SZCZ U/SA
    • d
    • Instytucja, która zmodyfikowała rekord (P)
    • SZCZ U/JŚ
041 -Język dokumentu [0, ]
    • a
    • Język tekstu (P)
    • angielski
044 -Kraj miejsca wydania [ , ]
    • a
    • Kraj miejsca wydania
    • USA
100 -Hasło główne - nazwa osobowa [1, ]
    • 9
    • KHW
    • 70818
    • a
    • Nazwa osobowa (NP)
    • Evans, Dave Find
    • d
    • Daty biograficzne (NP)
    • (1956- ).
245 -Strefa tytułu i oznaczenia odpowiedzialności [1,0]
    • a
    • Tytuł
    • Learning social media marketing : Find
    • b
    • Ciąg dalszy tytułu (NP)
    • a video introduction /
    • c
    • Pozostałe elementy strefy tytułu i oznaczenia odpowiedzialności (NP)
    • Dave Evans.
    • h
    • Określenie rodzaju dokumentu
    • de
260 -Strefa adresu wydawniczego [ , ]
    • a
    • Miejsce wydania (P)
    • Hoboken :
    • b
    • Nazwa wydawcy (P)
    • Sybex,
    • c
    • Data wydania (P)
    • cop. 2013.
920 -ISBN [ , ]
    • a
    • ISBN
    • 978-1-118-46606-3 Find
300 -Strefa opisu fizycznego [ , ]
    • a
    • Określenie formy książki i/lub objętość (NP)
    • CD-ROM.
710 -Hasło dodatkowe - nazwa ciała zbiorowego [2, ]
    • 4
    • Określenie rodzaju współpracy (NP)
    • pbl
    • 9
    • KHW
    • 70815
    • a
    • Nazwa ciała zbiorowego lub nazwa geograficzna jako pierwszy element (NP)
    • Sybex.
080 -Uniwersalna Klasyfikacja Dziesiętna [ , ]
    • 2
    • Identyfikator wydania tablic
    • BN KHW UKD
    • 9
    • UKD
    • 68772
    • a
    • Symbol klasyfikacji
    • 339.138:004.738.5
    • b
    • Dopowiedzenie
    • Marketing elektroniczny. Marketing internetowy.
    • 4
    • UKD2
    • 7644
    • x
    • Poddział wspólny
    • =111
    • c
    • Dopowiedzenie poddziału wspólnego
    • =Język angielski.
080 -Uniwersalna Klasyfikacja Dziesiętna [ , ]
    • 2
    • Identyfikator wydania tablic
    • UDC-P058
    • 9
    • UKD
    • 2146
    • a
    • Symbol klasyfikacji
    • 004.774
    • b
    • Dopowiedzenie
    • Strony WWW.
    • 4
    • UKD2
    • 7644
    • x
    • Poddział wspólny
    • =111
    • c
    • Dopowiedzenie poddziału wspólnego
    • =Język angielski.
080 -Uniwersalna Klasyfikacja Dziesiętna [ , ]
    • 2
    • Identyfikator wydania tablic
    • UDC-P058
    • 9
    • UKD
    • 2753
    • a
    • Symbol klasyfikacji
    • 316.32
    • b
    • Dopowiedzenie
    • Społeczeństwo globalne.
    • 4
    • UKD2
    • 7644
    • x
    • Poddział wspólny
    • =111
    • c
    • Dopowiedzenie poddziału wspólnego
    • =Język angielski.
980 -Symbol UKD [ , ]
    • a
    • UKD
    • 339.138:004.738.5:004.774:316.32]=111
538 -Wymagania techniczne [ , ]
    • a
    • Tekst uwagi
    • Wymagania systemowe: Display resolution of 1024x768 or higher, Pentium 4 2.6 Ghz or higher, or Apple Mac G5, 512 MB RAM.
856 -Lokalizacja i sposób dostępu do dokumentu elektronicznego [4,0]
Sposób nabycia Numer inwentarzowy Status udost. Kierowanie Data inwentaryzacji Sygnatura Data wprowadzenia opisu Akcesja Kod kreskowy
daT.15381-2T2014-03-12T.153812014-03-0414da026c/1502001200153815